000 01127nam a2200289 i 4500
001 000028830
003 DO-SdBNP
005 20250307073710.0
006 a||||gr|||| 00| 0
007 ta
008 110412n19uu dr 000 e spa d
040 _aDO-SdBNP
_bspa
_cBNPHU
_erda
082 4 _222
_bA445a
100 1 _aAlcántara Almánzar, José
_d1946-
_eautor
_97018
111 1 _aConferencia sobre el pensamiento de Pedro Henríquez Ureña
_n(2:
_cSanto Domingo )
_955814
245 1 0 _aAspectos sociológicos en la obra de Pedro Henríquez Ureña /
_cJosé Alcántara Almánzar.
264 _aSanto Domingo :
_bMuseo del Hombre Dominicano,
_c[198?].
300 _a26 páginas ;
_c22 cm.
336 _2rdacontent
_atexto
_btxt
337 _2rdamedia
_asin mediación
_bn
338 _2rdacarrier
_avolumen
_bnc
500 _aCiclo de conferencias sobre el pensamiento de Pedro Henríquez Ureña.
500 _aIncluye referencias bibliográficas y nota al pie de las páginas.
590 _aInventariado 2024 / MF
600 1 0 _aHenríquez Ureña, Pedro,
_d1884-1946
_xCrítica e Interpretación
_91718
942 _2ddc
_cLF2
999 _c28322
_d28322